A ação popular como instrumento de invalidação da sentença lesiva ao patrimônio público / (Record no. 234)

MARC details
000 -LÍDER
Campo Fixo de Controle 00816cam a2200253 a 4500
001 - NÚMERO DE CONTROLE
Campo de Controle 234
003 - IDENTIFICAÇÃO DO NÚMERO DE CONTROLE
Campo de Controle BR-CuiBMT
005 - DATA E HORA DA ÚLTIMA ATUALIZAÇÃO
Campo de Controle 20231106230050.0
008 - DADOS FIXOS
Dados Fixos 230905s2010 mgb 000 0 por d
020 ## - INTERNATIONAL STANDARD BOOK NUMBER
Nº do ISBN 9788577003617
040 ## - AGÊNCIA CATALOGADORA
Código da Agência Catalogadora BR-CuiBMT
Agência que transcreveu o registro BR-CuiBMT
080 ## - Nº DA CLASSIFICAÇÃO DECIMAL UNIVERSAL
Nº edição CDU 2007
Nº Class. CDU 347.922.6
090 ## - NÚMERO DE CHAMADA
Nº classificação 347.922.6
Cutter B862a
100 1# - ENTRADA PRINCIPAL -- AUTOR PESSOAL
Nome pessoal Brito, Lúcio Eduardo de
245 12 - TÍTULO PRINCIPAL
Título principal A ação popular como instrumento de invalidação da sentença lesiva ao patrimônio público /
Indicação de responsabilidade Lúcio Eduardo de Brito ; prefácio, Humberto Theodoro Júnior.
260 ## - PUBLICAÇÃO, DISTRIBUIÇÃO, ETC.
Local de publicação Belo Horizonte :
Editora Fórum,
Data 2010.
300 ## - DESCRIÇÃO FÍSICA
N. páginas ou volumes 234 p. ;
Dimensões 22 cm
504 ## - NOTA DE BIBLIOGRAFIA, ETC.
Nota de bibliografia Inclui bibliografia.
650 ## - ASSUNTO TÓPICO
Cabeçalho tópico ou nome geográfico Direito público
650 ## - ASSUNTO TÓPICO
Cabeçalho tópico ou nome geográfico Direito administrativo
650 ## - ASSUNTO TÓPICO
Cabeçalho tópico ou nome geográfico Direito constitucional
650 ## - ASSUNTO TÓPICO
Cabeçalho tópico ou nome geográfico Direito processual civil
942 ## - ELEMENTOS DE ENTRADA ADICIONAIS (KOHA)
Fonte de classificação ou esquema de arquivamento Classificação Decimal Universal
Tipo de item do Koha Livros
Holdings
Estado: removido Estado: perdido Fonte de classificação ou esquema de arquivamento Estado: danificado Indisponível para empréstimo Localização permanente Localização atual Data de aquisição Total Checkouts Número de Chamada completo Código de barras Date last seen Número do exemplar Preço efetivo a partir de Tipo de item (Koha)
    Classificação Decimal Universal     Biblioteca da Escola Superior de Contas do TCE/MT Biblioteca da Escola Superior de Contas do TCE/MT 28/07/2023   347.922.6 B862a BIBTCEMT23090009 05/09/2023 Ex. 1 05/09/2023 Livros

Powered by Koha